[Event "5th Karl Wagner mem (B)"]
[Site "Graz"]
[Date "1998.07.14"]
[Round "6.7"]
[White "Schmaranzer, Alfred"]
[Black "Goeslbauer, Harald"]
[Result "1/2-1/2"]
[WhiteElo "1966"]
[BlackElo "1881"]
[PlyCount "86"]
[EventDate "1998.07.08"]

{6/(7)} 1. f4 1... Nf6 2. b3 g6 3. Nf3 Bg7 4. Bb2 O-O 5. e3 d6 6. Be2 e5 7.
fxe5 Ng4 8. O-O Nc6 9. Nc3 Ncxe5 10. Nxe5 Nxe5 11. Na4 c6 12. c4 Qg5 13. Rf4 f5
14. Rc1 Bd7 15. Bc3 Rae8 16. Nb2 Bh6 17. Qc2 Qe7 18. Rf2 f4 19. exf4 Rxf4 20.
Rxf4 Bxf4 21. g3 Bh6 22. Rf1 Nf7 23. Bf3 Bh3 24. Bg2 Bxg2 25. Kxg2 Qe2+ 26. Rf2
Qg4 27. h3 Qe6 28. Qd3 Ng5 29. g4 {} 29... Qe4+ 30. Qxe4 Rxe4 31. d3 Re6 32.
Nd1 Nf7 33. Kf1 Bg5 34. Re2 Rxe2 35. Kxe2 Kf8 36. Nf2 Ke7 37. Ne4 Bh4 38. Bb4
Ke6 39. d4 Be7 40. Kd3 Ng5 41. Nxg5+ Bxg5 42. Be1 d5 43. Bg3 a6 1/2-1/2

[Event "5th Karl Wagner mem (B)"]
[Site "Graz"]
[Date "1998.07.14"]
[Round "6.8"]
[White "Schriebl, Alexander"]
[Black "Kogler, Norbert"]
[Result "1/2-1/2"]
[WhiteElo "1922"]
[BlackElo "1949"]
[PlyCount "108"]
[EventDate "1998.07.08"]

{6/(8)} 1. d4 1... d5 2. c4 e6 3. g3 Nf6 4. Bg2 c6 5. Nf3 Nbd7 6. Qc2 Be7 7.
O-O O-O 8. Nbd2 Qc7 9. e4 dxe4 10. Nxe4 e5 11. Nxf6+ Bxf6 12. dxe5 Nxe5 13. Ng5
g6 14. Ne4 Bg7 15. Bf4 Bf5 16. Rfe1 Qe7 17. a3 g5 18. Bxe5 Qxe5 19. Qd2 g4 20.
Nd6 Qf6 21. Nxf5 Qxf5 22. Be4 Qc5 23. Qc2 h5 24. b4 Qg5 25. Rad1 Rad8 26. Bf5
Rxd1 27. Rxd1 Rd8 28. Rxd8+ Qxd8 29. Qe4 Kf8 30. h3 Qd1+ 31. Kg2 gxh3+ 32. Bxh3
Qd2 33. Bc8 Bd4 34. Qf3 b6 35. Bb7 c5 36. Bd5 36... f6 {} 37. Qf5 Kg7 38. Qd7+
Kh6 39. Qf5 Qg5 40. Qd7 Qg7 41. Qe8 f5 42. Bf3 Qg6 43. Qb8 h4 44. b5 Qg7 45.
Qe8 Qg6 46. Qe7 Bf6 47. Qe6 hxg3 48. fxg3 f4 49. Qg4 Qxg4 50. Bxg4 Kg5 51. Bh3
fxg3 52. Kxg3 Bc3 53. Kf3 Ba5 54. Ke4 Kh4 1/2-1/2

[Event "5th Karl Wagner mem (B)"]
[Site "Graz"]
[Date "1998.07.14"]
[Round "6.9"]
[White "Gossmann, Ewald"]
[Black "Jud, Karl-Heinz"]
[Result "1/2-1/2"]
[WhiteElo "1830"]
[BlackElo "1943"]
[PlyCount "37"]
[EventDate "1998.07.08"]

{6/(9)} 1. d4 1... g6 2. c4 Nf6 3. Nc3 d5 4. cxd5 Nxd5 5. Na4 Bg7 6. e4 Nb6 7.
Be3 Nxa4 8. Qxa4+ c6 9. Rd1 O-O 10. Nf3 Qc7 11. Be2 Bg4 12. O-O Nd7 13. Qc2
Rac8 14. Rc1 Qb8 15. Rfd1 Bxf3 16. Bxf3 Rfd8 17. Bg4 e6 18. Qb3 Nf6 19. Bf3 {}
1/2-1/2

[Event "5th Karl Wagner mem (B)"]
[Site "Graz"]
[Date "1998.07.14"]
[Round "6.10"]
[White "Klicker, Friedrich"]
[Black "Roerig, Gerhard"]
[Result "1-0"]
[WhiteElo "1934"]
[BlackElo "1881"]
[PlyCount "57"]
[EventDate "1998.07.08"]

{6/(10)} 1. f4 1... d5 2. b3 Nf6 3. Bb2 g6 4. e3 Bg7 5. Nf3 O-O 6. d4 Nbd7 7.
Bd3 c5 8. c3 b6 9. Nbd2 Bb7 10. O-O Rc8 11. f5 e6 12. fxg6 hxg6 13. Qe1 Qc7 14.
Ng5 Ng4 15. Qh4 Nh6 16. c4 e5 17. cxd5 Bxd5 18. e4 Bb7 19. Bc4 19... exd4 {}
20. Rxf7 Rxf7 21. Bxf7+ Kh8 22. Bxg6 Ne5 23. Bf5 Re8 24. Rf1 Qe7 25. Qh5 Bc8
26. Nc4 Bxf5 27. Nxe5 Bh7 28. Ng6+ Bxg6 29. Qxg6 1-0

[Event "5th Karl Wagner mem (B)"]
[Site "Graz"]
[Date "1998.07.14"]
[Round "6.11"]
[White "Rass, Ewald"]
[Black "Hoegenwarth, Helmut"]
[Result "0-1"]
[WhiteElo "1867"]
[BlackElo "1990"]
[PlyCount "114"]
[EventDate "1998.07.08"]

{6/(11)} 1. d4 1... d5 2. c4 c6 3. Nf3 Bf5 4. Nc3 Nf6 5. Bg5 Ne4 6. Nxe4 Bxe4
7. Nd2 Bf5 8. e3 h6 9. Bh4 Qd7 10. a4 e6 11. Be2 a5 12. O-O Be7 13. Bxe7 Qxe7
14. c5 Na6 15. Bxa6 Rxa6 16. Nb3 O-O 17. Qd2 Qc7 18. Rac1 Be4 19. Qc3 Rb8 20.
f3 Bg6 21. Rf2 Bf5 22. h3 f6 23. f4 Be4 24. Nd2 f5 25. Nf3 Bxf3 26. Rxf3 b6 27.
cxb6 Qxb6 28. Rf2 Qb4 29. Qc5 Qxc5 30. Rxc5 Rb3 31. Re2 Kf7 32. Kf2 Ke7 33.
Rec2 Rb4 34. Kf3 Kd6 35. g4 g6 36. Rg2 Rxa4 37. gxf5 gxf5 38. Rg6 Rb4 39. Rc2
Rab6 40. Rgg2 a4 41. Rgd2 Rb3 42. Kf2 Ra6 43. Kf3 Ra5 44. h4 {} 44... c5 45.
Rxc5 Rxc5 46. dxc5+ Kxc5 47. Rd4 Rb4 48. Rd2 Kb5 49. Ke2 Kc4 50. Kd1 Kb3 51.
Kc1 Ka2 52. Re2 Rb3 53. h5 Rb4 54. Rg2 Rc4+ 55. Rc2 a3 56. bxa3+ Kxa3 57. Kd2
Kb3 0-1

[Event "5th Karl Wagner mem (B)"]
[Site "Graz"]
[Date "1998.07.14"]
[Round "6.12"]
[White "Zeindl, Stefan"]
[Black "Hatzl, Stefan"]
[Result "1/2-1/2"]
[WhiteElo "1979"]
[BlackElo "1863"]
[PlyCount "38"]
[EventDate "1998.07.08"]

{6/(12)} 1. e4 1... e6 2. b3 c5 3. Bb2 Nc6 4. Nf3 Qc7 5. Nc3 a6 6. a4 Nf6 7.
Bc4 Be7 8. O-O O-O 9. Re1 d6 10. d4 cxd4 11. Nxd4 Bd7 12. Nxc6 Bxc6 13. Qe2
Rfe8 14. Rad1 Rad8 15. e5 dxe5 16. Qxe5 {} 16... Qxe5 17. Rxe5 Rxd1+ 18. Nxd1
Rd8 19. Re1 Bc5 1/2-1/2

[Event "5th Karl Wagner mem (B)"]
[Site "Graz"]
[Date "1998.07.14"]
[Round "6.13"]
[White "Kerschenbauer, Franz"]
[Black "Koelldorfer, Franz"]
[Result "1-0"]
[WhiteElo "1915"]
[BlackElo "1971"]
[PlyCount "97"]
[EventDate "1998.07.08"]

{6/(13)} 1. e4 1... c6 2. Nc3 d5 3. Nf3 Bg4 4. exd5 cxd5 5. Bb5+ Nc6 6. h3 Bxf3
7. Qxf3 e6 8. Ne2 Qb6 9. c4 Nge7 10. d3 a6 11. Be3 Qa5+ 12. Bd2 Qc7 13. Ba4 Rd8
14. Bc3 Nf5 15. O-O Be7 16. Ng3 Nxg3 17. fxg3 O-O 18. Bxc6 Qxc6 19. Qg4 d4 20.
Bd2 e5 21. Rf5 Qe6 22. Qe4 f6 23. g4 Rd7 24. Re1 b5 25. b3 bxc4 26. dxc4 g6 27.
Rf3 Qb6 28. Kh1 Qb7 29. Qe2 Bd6 30. Bh6 Rff7 31. Ref1 f5 32. gxf5 e4 33. fxg6 {
} 33... Rxf3 34. gxf3 e3 35. Rg1 Be5 36. gxh7+ Kh8 37. Qg2 Bg7 38. Bxg7+ Rxg7
39. Qf1 Rxh7 40. Kh2 Qc7+ 41. f4 Qc6 42. Qd3 Qd6 43. Rg4 Re7 44. Qf5 Rg7 45.
Qc8+ Kh7 46. Rh4+ Kg6 47. c5 Qe7 48. Qxa6+ Qf6 49. Rh6+ 1-0

[Event "5th Karl Wagner mem (B)"]
[Site "Graz"]
[Date "1998.07.14"]
[Round "6.14"]
[White "Maric, Iwan"]
[Black "Koban, Markus"]
[Result "1-0"]
[WhiteElo "1963"]
[BlackElo "1915"]
[PlyCount "135"]
[EventDate "1998.07.08"]

{6/(14)} 1. d4 1... Nf6 2. Bf4 g6 3. e3 Bg7 4. c3 d5 5. Bd3 O-O 6. Nf3 Bg4 7.
Nbd2 Nbd7 8. O-O c5 9. Re1 cxd4 10. exd4 e6 11. h3 Bxf3 12. Nxf3 Rc8 13. Qb3
Qb6 14. Re2 Nh5 15. Bd2 Qc7 16. Rae1 Nb6 17. Ne5 Nc4 18. Bxc4 dxc4 19. Qc2 Qa5
20. a3 Qd5 21. Qc1 Rfe8 22. g4 Nf6 23. Bh6 Bh8 24. Qf4 Rc7 25. Bg5 Qd8 26. Re3
h6 27. Bxf6 Qxf6 28. Nxg6 Qxf4 29. Nxf4 Rd7 30. Nh5 Rd5 31. f4 Rb5 32. R1e2 Rd8
33. Kg2 Rd6 34. Rf3 Rdb6 35. Rff2 Kh7 36. Ng3 Kg6 37. Nf1 Rc6 38. Ne3 Bf6 39.
Kg3 Bd8 40. Kf3 Bc7 41. Ke4 a5 42. f5+ 42... Kg7 {} 43. fxe6 Rxe6+ 44. Kf3 h5
45. Nxc4 hxg4+ 46. hxg4 Rf6+ 47. Ke4 Re6+ 48. Kd3 Rg5 49. Ne3 b5 50. Rf5 Rxf5
51. Nxf5+ Kf6 52. Rxe6+ fxe6 53. Ne3 Bd6 54. c4 bxc4+ 55. Nxc4 Bc7 56. b4 axb4
57. axb4 Kg5 58. Ne5 Kf4 59. b5 Ba5 60. Kc4 Bb6 61. Nd7 Bc7 62. b6 Bd6 63. b7
Kxg4 64. b8=Q Bxb8 65. Nxb8 Kf5 66. Nc6 e5 67. dxe5 Ke6 68. Kd4 1-0

[Event "5th Karl Wagner mem (B)"]
[Site "Graz"]
[Date "1998.07.14"]
[Round "6.15"]
[White "Brunner, Gerhard"]
[Black "Sulzbacher, Michael"]
[Result "1-0"]
[WhiteElo "1794"]
[BlackElo "1960"]
[PlyCount "127"]
[EventDate "1998.07.08"]

{6/(15)} 1. e4 1... g6 2. d4 Bg7 3. Nf3 d6 4. g3 Bg4 5. Bg2 Nc6 6. Be3 e5 7. c3
Nge7 8. d5 Nb8 9. Qa4+ Qd7 10. Qb3 c6 11. h3 Bxf3 12. Bxf3 O-O 13. Na3 c5 14.
g4 a5 15. Be2 a4 16. Qb5 Rd8 17. h4 f5 18. Qxd7 Nxd7 19. Bg5 Nf6 20. gxf5 gxf5
21. Rg1 Kf7 22. exf5 Nxf5 23. Bg4 Nh6 24. Be6+ Ke7 25. Nb5 Nf7 26. Be3 Bh8 27.
Ke2 Nh5 28. c4 Bf6 29. Rae1 Ng7 30. Bg4 h5 31. Bh3 Rg8 32. Bg5 Ne8 33. f4 33...
exf4 {} 34. Kf3+ Ne5+ 35. Kxf4 Bxg5+ 36. Rxg5 Nf6 37. Nxd6 Rxg5 38. hxg5 Kxd6
39. Rxe5 Ng8 40. Re6+ Kc7 41. d6+ Kb6 42. d7+ Kc7 43. Re8 Rd8 44. Ke5 b6 45.
Be6 h4 46. Rxd8 Kxd8 47. Bxg8 Kxd7 48. Bd5 Ke7 49. Kf5 h3 50. g6 h2 51. Kg5 a3
52. b3 b5 53. Kh6 bxc4 54. bxc4 Kd6 55. g7 Ke5 56. g8=Q Kd4 57. Qg7+ Kd3 58.
Kg5 Kd2 59. Kf4 Kc1 60. Qa1+ Kc2 61. Be4+ Kd2 62. Qh1 Kc3 63. Qxh2 Kxc4 64.
Qc2+ 1-0